50 Biggest Cities in Western Pennsylvania - Statistics

General Stats
  • This quiz has been taken 17 times
  • The average score is 16 of 50
Answer Stats
Answer % Correct
Erie
100%
Pittsburgh
92%
Altoona
62%
Bethel Park
62%
Butler
62%
Indiana
62%
Washington
62%
Greensburg
54%
Johnstown
54%
McKeesport
54%
Meadville
54%
Monroeville
54%
New Castle
54%
Cranberry
46%
Murrysville
46%
Sharon
46%
Penn
38%
Penn Hills
38%
Plum
38%
Hermitage
31%
Millcreek
31%
Moon
31%
Shaler
31%
Wilkinsburg
31%
Allison Park
23%
Baldwin
23%
Harborcreek
23%
Hempfield
23%
North Huntingdon
23%
Robinson
23%
Ross
23%
White
23%
Whitehall
23%
Elizabeth
15%
Franklin Park
15%
Hampton
15%
McCandless
15%
South Park
15%
Upper St. Clair
15%
West Mifflin
15%
Adams
8%
Cecil
8%
McMurray
8%
North Fayette
8%
Scott
8%
South Fayette
8%
Unity
8%
Derry
0%
North Strabane
0%
Pine
0%
No matching quizzes found
Score Distribution
Percent of People with Each Score
Percentile by Number Answered
Your Score History
You have not taken this quiz